Projekt zaradenia a pracovného postupu pre odoberanie vzoriek materiálu zo súčiastok zariadení jadrovej energetiky metódou elektroiskrového obrábania : Diplomová práca

Enregistré dans:
Détails bibliographiques
Auteur principal: Kando, Boris (Auteur)
Autres auteurs: Senecký, Ladislav (xxx)
Format: Manuscrit Livre
Langue:slovaque
Publié: Trnava : STU v Bratislave MtF KOOS , 1993
Sujets:
Tags: Ajouter un tag
Pas de tags, Soyez le premier à ajouter un tag!

MARC

LEADER 00000ntm a22000003a 4500
001 stu124421
005 20160719155454.3
008 060804s1993----xo------------------slo-d
040 |a STU  |b slo 
041 0 |a slo 
044 |a xo 
100 1 |a Kando, Boris  |4 aut 
245 1 |a Projekt zaradenia a pracovného postupu pre odoberanie vzoriek materiálu zo súčiastok zariadení jadrovej energetiky metódou elektroiskrového obrábania :  |b Diplomová práca 
260 |a Trnava :  |b STU v Bratislave MtF KOOS ,  |c 1993 
300 |a 40 s 
650 7 |a strojárska technológia  |2 stusub 
650 7 |a progresívne technologické metódy  |2 stusub 
700 1 |a Senecký, Ladislav  |4 xxx 
996 |b 284M073864  |c M*DP-2982  |l MMSKP  |s P  |a 0  |w stu124421_0001